Rights of light (Record no. 106063)

MARC details
000 -LEADER
fixed length control field 02455cam a2200385 4500
001 - CONTROL NUMBER
control field L135441
008 - FIXED-LENGTH DATA ELEMENTS--GENERAL INFORMATION
fixed length control field 061026s2007 f 001 0 eng u
020 ## - INTERNATIONAL STANDARD BOOK NUMBER
International Standard Book Number 9781846610240
035 ## - SYSTEM CONTROL NUMBER
System control number (Sirsi) u135441
041 0# - LANGUAGE CODE
Language code of text/sound track or separate title eng
050 04 - LIBRARY OF CONGRESS CALL NUMBER
Classification number 346.410435 $2 18
100 1# - MAIN ENTRY--PERSONAL NAME
Personal name Bickford-Smith, Stephen
245 ## - TITLE STATEMENT
Title Rights of light
Remainder of title the modern law
250 ## - EDITION STATEMENT
Edition statement 2nd. ed.
260 ## - PUBLICATION, DISTRIBUTION, ETC.
Place of publication, distribution, etc. Bristol
Name of publisher, distributor, etc. Jordan Publishing Ltd
Date of publication, distribution, etc. 2007
300 ## - PHYSICAL DESCRIPTION
Extent xlv, 347p.
Dimensions 26cm.
350 ## - PRICE (NR) (BK AM CF MU VM SE) [OBSOLETE]
Price 45
505 2# - FORMATTED CONTENTS NOTE
Formatted contents note The property law context -- Rights to light defined and contrasted -- Extent of rights to light -- Buildings and structures capable of enjoying rights to light -- Acquisition of rights of light I - by acts of the parties -- Acquisition of rights to light II - by prescription -- Acquisition of rights to light III - prevention of acquisition -- Extinguishment of rights of light -- Deeds regulating rights to light -- Proceedings for infringement of rights to light I - causes of action, parties, limitation and venue -- Proceedings for infringement of rights top light II - remedies -- Measurement and valuation of light -- Rights to light and planning law -- Conveyancing issues which affect rights to light -- Human rights -- The high hedges legislation -- Statutes -- Statutory Instruments -- Other materials
520 ## - SUMMARY, ETC.
Summary, etc. A practical explanation of law and practice surrounding the right to light. Written by property experts with a particular interest in this area. Frames the context of the legislation. Includes a review of the acquisition, establishment and extinguishment of rights of light; proceedings for infringement; commentary on measurement and valuation techniques; high hedges legislation; and human rights. Extensive reference to statutes and case law.
590 ## - LOCAL NOTE (RLIN)
Local note KA
650 24 - SUBJECT ADDED ENTRY--TOPICAL TERM
Topical term or geographic name entry element MIDTOWN LTD V CITY OF LONDON REAL PROPERTY CO LTD
650 24 - SUBJECT ADDED ENTRY--TOPICAL TERM
Topical term or geographic name entry element REGAN V PAUL PROPERTIES LTD AND OTHERS
650 24 - SUBJECT ADDED ENTRY--TOPICAL TERM
Topical term or geographic name entry element TAMARES (VINCENT SQUARE) LTD V FAIRPOINT PROPERTIES (VINCENT SQUARE) LTD
650 24 - SUBJECT ADDED ENTRY--TOPICAL TERM
Topical term or geographic name entry element HUMAN RIGHTS ACT 1998
650 24 - SUBJECT ADDED ENTRY--TOPICAL TERM
Topical term or geographic name entry element RIGHTS OF LIGHT ACT 1959
650 24 - SUBJECT ADDED ENTRY--TOPICAL TERM
Topical term or geographic name entry element PRESCRIPTION ACT 1832
650 24 - SUBJECT ADDED ENTRY--TOPICAL TERM
Topical term or geographic name entry element ENVIRONMENT ACT 1995
650 24 - SUBJECT ADDED ENTRY--TOPICAL TERM
Topical term or geographic name entry element ANTI-SOCIAL BEHAVIOUR ACT 2003
650 24 - SUBJECT ADDED ENTRY--TOPICAL TERM
Topical term or geographic name entry element LAND REGISTRATION ACT 1925
650 24 - SUBJECT ADDED ENTRY--TOPICAL TERM
Topical term or geographic name entry element LAND REGISTRATION ACT 2002
651 #4 - SUBJECT ADDED ENTRY--GEOGRAPHIC NAME
Geographic name United Kingdom
Chronological subdivision
690 ## - LOCAL SUBJECT ADDED ENTRY--TOPICAL TERM (OCLC, RLIN)
Topical term or geographic name as entry element PROPERTY-PROPERTY MANAGEMENT-EASEMENTS-RIGHTS TO LIGHT DETERMINATION-RIGHTS TO LIGHT
700 1# - ADDED ENTRY--PERSONAL NAME
Personal name Francis, Andrew
942 ## - ADDED ENTRY ELEMENTS (KOHA)
Suppress in OPAC 0
Holdings
Withdrawn status Lost status Source of classification or shelving scheme Damaged status Not for loan Home library Current library Shelving location Date acquired Cost, normal purchase price Total Checkouts Full call number Barcode Date last seen Date last checked out Copy number Cost, replacement price Price effective from Koha item type
    Dewey Decimal Classification     London London Basement 22/08/2007 65.00 15 BASEMENT 30074008 06/08/2019 21/12/2009 1 65.00 06/08/2019 Book